Wird geladen...

Vaikom Muhammed Basheerinte baalyakaala sakhi/

Bibliographische Detailangaben
Format: Printed Book
Sprache:Malayalam
Veröffentlicht: Kottayam: D. C. Books, 1994
LEADER 00567nam a22001697a 4500
003 OSt
005 20200624134611.0
008 160212b xxu||||| |||| 00| 0 mal d
041 |a mal 
082 |a 853.23 BAA 
245 |a Vaikom Muhammed Basheerinte baalyakaala sakhi/  |c edited by M. M. Basheer 
260 |a Kottayam:  |b D. C. Books,  |c 1994 
300 |a 144p. 
546 |a In Malayalam 
942 |2 ddc  |c BK 
999 |c 326980  |d 326980 
952 |0 0  |1 0  |2 ddc  |4 0  |6 853_230000000000000_BAA  |7 0  |9 373523  |a CSC  |b CSC  |c ST1  |d 2016-02-12  |i 7407  |l 0  |o 853.23 BAA  |p CSC7407  |r 2016-02-12  |w 2016-02-12  |y BK